Ruština pro aspiranty pro posl. fak. lékařské

Bibliographic Details
Main Authors: Kyseláková, Dana (Author), Pavlíková, Ludmila (Author)
Format: Book
Language:Czech
PhysicalDescription:104 s. 4°
Published: Brno Univ. J.E. Purkyně 1989
ISBN:8021000392
Subjects:

MARC

LEADER 00000nam a2200000 a 4500
001 vtls001336666
003 SK-MaSNL
005 20260301105605.0
008 240314s1989 xr 0 cze
020 |a 8021000392 
035 |a SNK000289654 
040 |a SNK  |b slo  |c SNK  |e AACR2 
041 0 |a cze 
044 |a CZ 
080 |a 808.2(075.8)  |2 1981 
100 1 |a Kyseláková, Dana  |4 aut  |9 61353 
245 1 0 |a Ruština pro aspiranty  |b pro posl. fak. lékařské  |c Dana Kyseláková, Ludmila Pavlíková 
260 |a Brno  |b Univ. J.E. Purkyně  |c 1989 
300 |a 104 s.  |c 4° 
650 0 7 |a ruština  |2 SNK  |9 1346 
700 1 |a Pavlíková, Ludmila  |4 aut  |9 380876 
919 |a 80-210-0039-2 
958 |a RK 
958 |a OND 
999 |c 701239  |d 703169 
952 |t P60, <04>, [BOOK], {604}  |a SNK  |b SNK  |y VYP  |7 0  |o snkIB 63164  |i snkKIP 12671/89  |0 0  |1 0  |4 0  |d 1998-07-09  |l 0  |r 2005-01-02 00:00:00  |w 2026-02-23 
952 |t P60, <04>, [BOOK], {604}  |a SNK  |b SNK  |y VYP  |7 0  |o snkIB 63164 D1  |i snkKIP 12672/89  |0 0  |1 0  |4 0  |d 1998-07-09  |l 0  |r 2005-01-02 00:00:00  |w 2026-02-23